000 00948nam a2200229 a 4500
001 000017447
005 20200929165122.0
008 100324s2007 cu a r 000 0 spa d
020 _a9789590504877
040 _aDO-SdBNP
_bspa
_cBNPHU
082 _a641.01303
_bF727d
100 1 _aFornet Piña, Fernando,
_d1939-
_938146
245 1 0 _aDiccionario gastronómico cubano :
_bcafé, helados, flora y fauna, cocina tradicional, coctelería y bebidas, términos internacionales /
_cFernando Fornet Piña ; edición María Luisa Acosta Hernández ; prólogo Eddy Fernández Monte.
260 _aLa Habana, Cuba :
_bCientífico-Técnica,
_c2007.
300 _axi, 169 p. :
_bil. ;
_c18 cm.
650 4 _aGastronomía
_vDICCIONARIO
_938147
650 4 _aCocina
_zCuba
_vDICCIONARIO
_938148
700 1 _aAcosta Hernández, María Luisa,
_eed.
_938149
700 1 _aFernández Monte, Eddy,
_epról.
_938150
910 _aCatalogación original
049 _aBNRE
999 _c16972
_d16972